Maiores vilas da Região Autónoma da Madeira - Statistics

General Stats
  • This quiz has been taken 39 times
  • The average score is 6 of 9
Answer Stats
População Vila % Correct
1 668 hab. Porto Moniz
82%
3 139 hab. São Vicente
82%
3 163 hab. Calheta
75%
3 924 hab. Caniçal
75%
6 588 hab. Ribeira Brava
75%
7 449 hab. Camacha
71%
4 577 hab. Ponta do Sol
64%
10 269 hab. Estreito de Câmara de Lobos
57%
2 597 hab. Porto da Cruz
50%
No matching quizzes found
Score Distribution
Percent of People with Each Score
Percentile by Number Answered
Your Score History
You have not taken this quiz